D1 Basketball Colleges in Texas - Statistics

General Stats
  • This quiz has been taken 92 times
  • The average score is 15 of 23
Answer Stats
Hint Answer % Correct
SEC Texas
100%
SEC Texas A&M
97%
Big 12 Texas Tech
97%
Big 12 Houston
94%
CUSA Sam Houston
94%
Big 12 Baylor
87%
Big 12 TCU
85%
Sun Belt Texas State
85%
AAC North Texas
83%
CUSA UTEP
82%
AAC UTSA
81%
ACC SMU
79%
AAC Rice
67%
SWAC Texas Southern
65%
Southland Houston Christ
41%
Western Athletic Tarleton State
36%
Southland Lamar
35%
Southland SFA
33%
SWAC Prairie View
29%
Western Athletic UT Arlington
28%
Southland East Texas A&M
26%
Southland Incarnate Word
22%
Southland Texas A&M CC
15%
No matching quizzes found
Score Distribution
Percent of People with Each Score
Percentile by Number Answered
Your Score History
You have not taken this quiz